Visualizzazione normale
Vista MARC
di Personal Name
Records bibliografici associati: 4
001 - CONTROL NUMBER
- control field: 1046
003 - CONTROL NUMBER IDENTIFIER
- control field: IT-RoPau
005 - DATE AND TIME OF LATEST TRANSACTION
- control field: 20131106214456.0
008 - FIXED-LENGTH DATA ELEMENTS
- fixed length control field: 131106|| aca||aabn | a|a d
040 ## - CATALOGING SOURCE
- Original cataloging agency: IT-RoPau
- Transcribing agency: IT-RoPau
100 ## - HEADING--PERSONAL NAME
- Personal name:
- Miscellaneous information: Codice Autore Musica SPICS: 11030
670 ## - SOURCE DATA FOUND
- Source citation: Work cat.: (IT-RoPau)103723: Monti Elvio 1044, Dove stai, Signore (Lp si 30.18)